Opatovec : malá Sibiř na Hřebečsku /
Uloženo v:
| Hlavní autor: | |
|---|---|
| Médium: | Kniha |
| Jazyk: | Czech |
| Vydáno: |
[Opatovec] :
obec Opatovec,
2020
|
| Vydání: | První vydání |
| Témata: | |
| Celkem bylo vypůjčeno: | 1x |
| Tagy: |
Žádné tagy |
| LEADER | 01558nam a2200409 i 4500 | ||
|---|---|---|---|
| 001 | 95850 | ||
| 003 | CZ PrNK | ||
| 005 | 20210713123317.0 | ||
| 007 | ta | ||
| 008 | 191213s2020 xr abche 000 0dcze | ||
| 015 | |a cnb003164732 | ||
| 020 | |a 9788027072392 |q (vázáno) | ||
| 040 | |a OLA001 |b cze |e rda | ||
| 072 | 7 | |a 908(437) |x Vlastivěda Česka a Slovenska |2 Konspekt |9 8 | |
| 080 | |a 94(437.314) |2 MRF | ||
| 080 | |a 908(437.314) |2 MRF | ||
| 080 | |a (048.8) |2 MRF | ||
| 100 | 1 | |a Pešek, Miloš, |d 1954- |7 ola2014824598 |4 aut |9 51053 | |
| 245 | 1 | 0 | |a Opatovec : |b malá Sibiř na Hřebečsku / |c Miloš Pešek |
| 250 | |a První vydání | ||
| 264 | 1 | |a [Opatovec] : |b obec Opatovec, |c 2020 | |
| 300 | |a 283 stran : |b ilustrace (převážně barevné), mapy, portréty, faksimile, erby ; |c 24 cm | ||
| 336 | |a text |b txt |2 rdacontent | ||
| 337 | |a bez média |b n |2 rdamedia | ||
| 338 | |a svazek |b nc |2 rdacarrier | ||
| 500 | |a 500 výtisků | ||
| 504 | |a Obsahuje bibliografii a bibliografické odkazy | ||
| 651 | 7 | |a Opatovec (Česko) |7 ge130307 |x dějiny |2 czenas | |
| 651 | 7 | |a Opatovec (Česko) |7 ge130307 |x vlastivěda |2 czenas | |
| 651 | 9 | |a Opatovec (Czechia) |x history |2 eczenas | |
| 651 | 9 | |a Opatovec (Czechia) |x history and geography |2 eczenas | |
| 655 | 7 | |a monografie |7 fd132842 |2 czenas |9 53720 | |
| 655 | 9 | |a monographs |2 eczenas | |
| 910 | |a UOG502 | ||
| 942 | |2 ddc |c KN | ||
| 999 | |d 95850 | ||
| 993 | |0 0 |1 421180096254 |2 ddc |4 0 |6 908_437000000000000 |7 0 |9 84514 |b 0 |c 96254 |d 2021-07-13 |e 1 |f DOSP |g 908.437 |h 450.00 |i jiné |l DOSP |m 1 |r 2024-02-09 |s 2023-12-01 |t 5 |w 2021-07-13 |y KN |z NAUCNA | ||